ბათუმის შოთა რუსთაველის სახელმწიფო უნივერსიტეტის ბიბლიოთეკა

ფოსფორის ტრანსფორმაცია აჭარის წითელმიწა ნიადაგში და ფოსფორიანი სასუქების ეფექტიანობა ჩაის პლანტაციაში : დისერტაცია / (ბიბ.ჩანაწერი № 55489)

000 -ლიდერი
ფიქსირებული სიგრძის საკონტროლო ველი 01697nam a2200253Ia 4500
001 - საკონტროლო ნომერი
საკონტროლო ველი 22571
003 - საკონტროლო ნომრის იდენტიფიკატორი
საკონტროლო ველი GE_BSU
005 - ბოლო ოპერაციის თარიღი და დრო
საკონტროლო ველი 20220920170006.0
008 - ფიქსირებული სიგრძის მონაცემთა ელემენტები - ზოგადი ინფორმაცია
ფიქსირებული სიგრძის საკონტროლო ველი 181216s2008||||ge |||||||||||||| ||geo||
040 ## - კატალოგიზაციის წყარო
Transcribing agency GE_BSU
041 ## - ენის კოდი
Language code of text/sound track or separate title geo
080 ## - უნივერსალური ათობითი კლასიფიკაციის ინდექსი
Universal Decimal Classification number 63 კ-95
100 ## - მთავარი ჩანაწერი - პიროვნების სახელი
Personal name კუტალაძე, ნუნუ
9 (RLIN) 10612
245 ## - ცნობა სათაურის შესახებ
Title ფოსფორის ტრანსფორმაცია აჭარის წითელმიწა ნიადაგში და ფოსფორიანი სასუქების ეფექტიანობა ჩაის პლანტაციაში : დისერტაცია /
Statement of responsibility, etc ნუნუ კუტალაძე; მეცნ. ხელმძღვ. გ. მარგველაშვილი; შოთა რუსთაველის სახელმწიფო უნივერსიტეტი.
264 ## - წარმოების, გამოცემის, დისტრიბუციის და სხვა ცნობები
გამოცემის, წარმოების, დისტრიბუციის... ადგილი ბათუმი,
გამოცემის, წარმოების, დისტრიბუციის... სახელწოდება
გამოცემის, წარმოების, დისტრიბუციის... თარიღი 2008.
300 ## - ფიზიკური აღწერა
Extent 116 გვ. ;
Other physical details 30 სმ.
653 ## - INDEX TERM--UNCONTROLLED
Uncontrolled term აგროქიმია
653 ## - INDEX TERM--UNCONTROLLED
Uncontrolled term სოფლის მეურნეობა
653 ## - INDEX TERM--UNCONTROLLED
Uncontrolled term ფოსფორის ტრანსფორმაცია აჭარის წითელმიწა ნიადაგში და ფოსფორიანი სასუქების ეფექტიანობა ჩაის პლანტაციაში
653 ## - INDEX TERM--UNCONTROLLED
Uncontrolled term დისერტაცია
700 ## - ADDED ENTRY--PERSONAL NAME
Personal name მარგველაშვილი, გ.
Relator term მეცნ. ხელმძღვანელი
9 (RLIN) 3702
710 ## - ADDED ENTRY--CORPORATE NAME
Corporate name or jurisdiction name as entry element შოთა რუსთაველის სახელმწიფო უნივერსიტეტი
9 (RLIN) 10613
942 ## - ADDED ENTRY ELEMENTS (KOHA)
Koha item type წიგნი
Source of classification or shelving scheme
ეგზემპლარები
ჩამოწერის სტატუსი დაკარგული ეგზემპლარის სტატუსი კლასიფიკაციის წყარო ან თაროზე გაწყობის სქემა დაზიანების სტატუსი არ გაიცემა მუდმივი მდებარეობა (დაცვის ადგილი) ამჟამინდელი ადგილსამყოფელი თაროზე განთავსების ადგილი შეძენის თარიღი სრული შენახვის შიფრი შტრიხკოდი ბოლო ოპერაციის თარიღი ეგზემპლარის მიმდევრობითი ნომერი (კეტერი?) ფასის ძალაში შესვლის თარიღი ეგზემპლარის სახეობა საჯარო შენიშვნა
          ბათუმის შოთა რუსთაველის სახელმწიფო უნივერსიტეტის მთავარი ბიბლიოთეკა ბათუმის შოთა რუსთაველის სახელმწიფო უნივერსიტეტის მთავარი ბიბლიოთეკა წიგნსაცავი 2018-12-17 63 კ-95 59 დისერტ 2018-12-17 59 2018-12-17 დისერტაცია